000 01099nac a22002897a 4500
001 BR8000117
003 BR-BrBNA
005 20240105114611.0
008 230509b bl.|||m| |||| 00| 0 por d
040 _aBR-BrBNA
_bpor
_cBiblioteca Nacional de Agricultura
072 _aL00
090 _a5214 BR8000117
110 1 _aEmpresa Brasileira de Assistencia Tecnica e Extensao Rural, Brasilia, DF (Brasil);
110 1 _aEmpresa Brasileira de Pesquisa Agropecuaria, Brasilia, DF (Brasil)
245 1 _aSistemas de producao para bovinocultura de leite. Bacia leiteira de Bage e Dom Pedrito - Rio Grande do Sul [Brasil]
260 3 _aPorto Alegre, RS (Brasil):
_bAssociacao Riograndense de Empreendimentos de Assistencia Tecnica e Extensao Rural,
_c1979.
300 _a72 p.
490 _aSistemas de Producao. Boletim (Brazil)
_vno. 130
_xISSN 0100-5359
650 _aGADO LEITEIRO
650 _aMANEJO
650 _aBACIA LEITEIRA
650 _aBAGE
650 _aDOM PEDRITO
650 _aRIO GRANDE DO SUL
909 _a202312
_bLúcia Elande
_c55
_dLúcia Elande
942 _2AGRIS
_n0
_cMS
999 _c270273
_d270273